Regional science and urban economics.

Bibliographic Details
Uniform Title:Regional science and urban economics (Online)
Format: Journal
Language:English
Published: Amsterdam ; New York : Elsevier Science Pub. Co.
Subjects:
Online Availability: Check for online availability

MARC

Tag First Indicator Second Indicator Subfields
LEADER 00000cas a2200000Ia 4500
001 in00001449421
005 20151020160552.0
006 m d
007 cr mnu--------
008 980514c19uu9999ne uu p s 0 0eng d
022 |a 0166-0462 
035 |a (OCoLC)ocm39119001 
035 |a (OCoLC)39119001 
035 |9 AJC0503AM 
040 |a OH1  |c OH1  |d OCL  |d OCLCQ  |d UtOrBLW 
049 |a TXAM 
090 |a HB9  |b .R33 
130 0 |a Regional science and urban economics (Online) 
245 1 0 |a Regional science and urban economics. 
264 1 |a Amsterdam ;  |a New York :  |b Elsevier Science Pub. Co. 
336 |a text  |b txt  |2 rdacontent 
337 |a computer  |b c  |2 rdamedia 
338 |a online resource  |b cr  |2 rdacarrier 
362 1 |a Coverage as of May 13, 1998: Vol. 25, issue 1 (Feb. 1995)- 
500 |a Description based on: Volume 25, issue 1 (Feb. 1995); title from general information screen (viewed May 13, 1998). 
506 |a Subscription and registration required for access. 
516 |a Abstracts, tables of contents, and citation information are HTML encoded; articles are available in portable document format (PDF) and as Postscript Level 2 files. 
530 |a Online version of the print title: Regional science and urban economics. 
538 |a System requirements: Internet connectivity, World Wide Web browser, and Adobe Acrobat reader. 
538 |a Mode of access: World Wide Web. 
500 |a Electronic resource. 
650 0 |a Regional planning  |v Periodicals. 
650 0 |a Urban economics  |v Periodicals. 
650 0 |a Economics  |v Periodicals. 
776 1 |t Regional science and urban economics  |x 0166-0462  |w (DLC) 79642436  |w (OCoLC)1334639 
948 |a MFHD URL added  |b h  |c 2002/10/4  |d c  |e rstovall5  |f 4:55:06 pm 
994 |a E0  |b TXA 
999 |a MARS 
999 f f |s f499f0ea-8c7a-3744-b181-635be5666d18  |i 208fc66b-7da6-3710-8d09-a8b8b96fd1a6  |t 0 
952 f f |a Texas A&M University  |b College Station  |c Electronic Resources  |d Available Online  |t 0  |e HB1 .R34  |g Electronic  |h Library of Congress classification 
998 f f |a HB1 .R34  |t 0  |l Available Online